LIBRARY & INFORMATION CENTRE, KCAET, TAVANUR

ONLINE PUBLIC ACCESS CATALOGUE (OPAC)

Audels new electric library, Vol. 4 / (Record no. 1488)

MARC details
000 -LEADER
fixed length control field 00439cam a2200169ua 4500
041 ## - LANGUAGE CODE
Language code of text/sound track or separate title eng
082 ## - DEWEY DECIMAL CLASSIFICATION NUMBER
Classification number 621.301
Item number GRA/AU
100 ## - MAIN ENTRY--AUTHOR NAME
Personal name Graham, Frank D.
245 ## - TITLE STATEMENT
Title Audels new electric library, Vol. 4 /
260 ## - PUBLICATION, DISTRIBUTION, ETC. (IMPRINT)
Place of publication :
Name of publisher Taraporevala sons and co pvt ltd ,
Year of publication 1953.
300 ## - PHYSICAL DESCRIPTION
Number of Pages 854 ; .
942 ## - ADDED ENTRY ELEMENTS (KOHA)
Koha item type Books
Holdings
Withdrawn status Lost status Damaged status Home library Current library Date acquired Full call number Accession Number Koha item type
      KAUAET KAUAET 07/04/2012 621.301 12342 Books
free website counter